书目信息 |
| 题名: |
唐俊乔笛子教学笔记
|
|
| 作者: | 唐俊乔 编著 | |
| 分册: | ||
| 出版信息: | 上海 上海音乐出版社 2020.8 |
|
| 页数: | 288页 | |
| 开本: | 29cm | |
| 丛书名: | ||
| 单 册: | ||
| 中图分类: | J632.11 | |
| 科图分类: | ||
| 主题词: | 笛子--吹奏法 | |
| 电子资源: | ||
| ISBN: | 978-7-5523-1610-0 | |
| 000 | 01003nam0 2200265 45 | |
| 001 | 012001001557 | |
| 005 | 20130912160123.0 | |
| 010 | @a978-7-5523-1610-0@dCNY118.00 | |
| 099 | @aCAL 012019034396 | |
| 100 | @a20190105d2018 em y0chiy0110 ea | |
| 101 | 0 | @achi |
| 102 | @aCN@b310000 | |
| 105 | @ag z 000yy | |
| 106 | @ar | |
| 200 | 1 | @a唐俊乔笛子教学笔记@Atang jun qiao di zi jiao xue bi ji@f唐俊乔编著 |
| 210 | @a上海@c上海音乐出版社@d2020.8 | |
| 215 | @a288页@c乐谱@d29cm | |
| 300 | @a上海文艺人才基金资助 | |
| 314 | @a唐俊乔, 笛子演奏家、教育家之一。上海音乐学院副教授、硕士研究生导师, 上海竹笛学会会长, 曾任上海民族乐团首席笛子演奏家, 现为乐团特约独奏演员。 | |
| 330 | @a本书作者根据多年笛子教学经验, 选取多条典型且具有技巧针对性的基本功练习、练习曲、数十首经典音乐会独奏曲和重奏曲, 进行详尽的练习指导和演奏分析。 | |
| 606 | 0 | @a笛子@x吹奏法 |
| 690 | @aJ632.11@v5 | |
| 701 | 0 | @a唐俊乔@Atang jun qiao@4编著 |
| 801 | @aCN@b江苏凤凰@c20211018 | |
| 905 | @b1343965-8@dJ632.11@e199@f4 | |
| 唐俊乔笛子教学笔记/唐俊乔编著.-上海:上海音乐出版社,2020.8 |
| 288页:乐谱;29cm |
| 上海文艺人才基金资助 |
| ISBN 978-7-5523-1610-0:CNY118.00 |
| 本书作者根据多年笛子教学经验, 选取多条典型且具有技巧针对性的基本功练习、练习曲、数十首经典音乐会独奏曲和重奏曲, 进行详尽的练习指导和演奏分析。 |
| ● |
| 相关链接 |
|
|
|
|
正题名:唐俊乔笛子教学笔记
索取号:J632.11/199
 
预约/预借
| 序号 | 登录号 | 条形码 | 馆藏地/架位号 | 状态 | 备注 |
| 1 | 1343965 | 213439652 | 第一样本阅览室/ [索取号:J632.11/199] | 在馆 | |
| 2 | 1343966 | 213439661 | 第一借阅区/ [索取号:J632.11/199] | 在馆 | |
| 3 | 1343967 | 213439670 | 第一借阅区/ [索取号:J632.11/199] | 在馆 | |
| 4 | 1343968 | 213439689 | 第一借阅区/ [索取号:J632.11/199] | 在馆 |